<?xml version="1.0" encoding="UTF-8"?>
<record
    xmlns:xsi="http://www.w3.org/2001/XMLSchema-instance"
    xsi:schemaLocation="http://www.loc.gov/MARC21/slim http://www.loc.gov/standards/marcxml/schema/MARC21slim.xsd"
    xmlns="http://www.loc.gov/MARC21/slim">

  <leader>01336nam a2200205 a 4500</leader>
  <controlfield tag="008">100617t1998||||ag  |||g |||| pa1pj spa d</controlfield>
  <datafield tag="020" ind1=" " ind2=" ">
    <subfield code="a">9879186699</subfield>
  </datafield>
  <datafield tag="041" ind1=" " ind2=" ">
    <subfield code="a">spa</subfield>
  </datafield>
  <datafield tag="092" ind1=" " ind2=" ">
    <subfield code="c">808</subfield>
    <subfield code="l">7</subfield>
    <subfield code="s">BIE</subfield>
  </datafield>
  <datafield tag="100" ind1="1" ind2=" ">
    <subfield code="a">Bierce, Ambrose</subfield>
    <subfield code="9">3508</subfield>
  </datafield>
  <datafield tag="245" ind1=" " ind2=" ">
    <subfield code="a">Cuentos de soldados /</subfield>
    <subfield code="c">Ambrose Bierce.</subfield>
  </datafield>
  <datafield tag="250" ind1=" " ind2=" ">
    <subfield code="a">1a ed. </subfield>
    <subfield code="b">Traducci&#xF3;n y pr&#xF3;logo Enrique Elios</subfield>
  </datafield>
  <datafield tag="260" ind1=" " ind2=" ">
    <subfield code="a">Buenos Aires:</subfield>
    <subfield code="b">NEED;</subfield>
    <subfield code="c">1998.</subfield>
  </datafield>
  <datafield tag="300" ind1=" " ind2=" ">
    <subfield code="a">93 p.</subfield>
  </datafield>
  <datafield tag="500" ind1=" " ind2=" ">
    <subfield code="a">Bierce, A. (1998). Cuentos de soldados. (1a ed.). Buenos Aires : NEED.</subfield>
  </datafield>
  <datafield tag="505" ind1=" " ind2=" ">
    <subfield code="a">Ambrose Bierce, el aventurero, el periodista, el creador de algunos de los relatos fundantes del humor negro, el hombre de los universos fant&#xE1;sticos. Presentamos aqui una colecciones de sus cuentos fundamentales que permitir&#xE1; al lector atento acercarse al mundo que Bierce nos ofrece. Este escritor fue uno de los primeros exc&#xE9;ntricos de la tradici&#xF3;n norteamericana que abrir&#xED;a camino para roda la gran narrativa que Estados Unidos dar&#xED;a en este siglo. Como Poe y Melville, Bierce no necesit&#xF3; al otro lado del Atl&#xE1;ntico y supo as&#xED; rescatar y dar un nuevo tono a su pluma para reflejar en sus ficciones toda la fuerza y contradicci&#xF3;n que anidaban en el coraz&#xF3;n de esa naci&#xF3;n naciente. </subfield>
  </datafield>
  <datafield tag="590" ind1=" " ind2=" ">
    <subfield code="a">Proyecto 4to libro. Donaci&#xF3;n Mar&#xED;a Vitarelli, Diciembre 2017</subfield>
  </datafield>
  <datafield tag="655" ind1=" " ind2=" ">
    <subfield code="a">Cuentos</subfield>
    <subfield code="9">2945</subfield>
  </datafield>
  <datafield tag="942" ind1=" " ind2=" ">
    <subfield code="2">ddc</subfield>
    <subfield code="c">LIT</subfield>
  </datafield>
  <datafield tag="999" ind1=" " ind2=" ">
    <subfield code="c">2648</subfield>
    <subfield code="d">2648</subfield>
  </datafield>
  <datafield tag="952" ind1=" " ind2=" ">
    <subfield code="0">0</subfield>
    <subfield code="1">0</subfield>
    <subfield code="2">ddc</subfield>
    <subfield code="4">0</subfield>
    <subfield code="7">0</subfield>
    <subfield code="a">BFM</subfield>
    <subfield code="b">BFM</subfield>
    <subfield code="c">CR</subfield>
    <subfield code="d">2018-02-07</subfield>
    <subfield code="e">Proyecto 4to libro. Donaci&#xF3;n de Mar&#xED;a Vitarelli, Diciembre 2017.</subfield>
    <subfield code="l">0</subfield>
    <subfield code="o">808 7 BIE</subfield>
    <subfield code="p">4167</subfield>
    <subfield code="r">2018-02-07</subfield>
    <subfield code="t">Ej. 1</subfield>
    <subfield code="w">2018-02-07</subfield>
    <subfield code="y">LIT</subfield>
    <subfield code="z">Proyecto 4to libro. Donaci&#xF3;n de Mar&#xED;a Vitarelli, Diciembre 2017.</subfield>
  </datafield>
</record>
